000 00642nam a2200265Ia 4500
005 20260121173118.0
008 008 260114s9999 xx 000 0 eng d
020 _a9783030762759
037 _aEBOOK
040 _aCRL
040 _beng
040 _cCRL
041 _2eng
041 _aeng
084 _qCRL
100 _aJohannes O. Royset, Roger J-B Wets
_91096788
245 3 _aAn Optimization Primer
260 _bSpringer
260 _bSpringer
260 _c2021
856 _uhttps://link.springer.com/openurl?genre=book&isbn=978-3-030-76275-9
942 _cEBOOK
999 _c1662531
_d1662531